[Event "Xtracon Chess Open 2019"]
[Site "Helsingor DEN"]
[Date "2019.07.25"]
[Round "7.22"]
[White "Rostgaard, Tobias Valentin"]
[Black "Weber, Samuel"]
[Result "0-1"]
[WhiteTitle "FM"]
[WhiteElo "2390"]
[BlackElo "2203"]
[WhiteFideId "1408801"]
[BlackFideId "12924008"]
[EventDate "2019.07.20"]

1. c4 Nf6 2. Nc3 e5 3. e3 d6 4. Nge2 g6 5. g3 Bg7 6. Bg2 O-O 7. O-O Re8 8. d3 c6
9. e4 a6 10. h3 b5 11. b3 b4 12. Na4 c5 13. Be3 Nc6 14. Kh2 Nd7 15. Rb1 Bb7 16.
h4 h5 17. Bh3 Nf6 18. Bg5 Bc8 19. Bxc8 Rxc8 20. f3 Rb8 21. Rg1 Qd7 22. Qd2 Kh7
23. Rg2 Nd8 24. Be3 Ne6 25. Rf1 Rf8 26. Qd1 Ng8 27. g4 Nf6 28. g5 Ng8 29. Kg1
Ne7 30. Qe1 Nc6 31. Qg3 Qe7 32. Qh3 Rb7 33. Kh1 Rbb8 34. Rfg1 Ncd4 35. Bxd4 cxd4
36. Rf1 f5 37. gxf6 Rxf6 38. f4 Nxf4 39. Nxf4 Rxf4 40. Rxf4 exf4 41. Rf2 Be5 42.
Kg2 Kh6 43. Kf3 Rg8 44. Rg2 g5 45. hxg5+ Rxg5 46. Nb6 Rg3+ 47. Rxg3 fxg3 48. Qf5
Qg5 49. Qf8+ Qg7 50. Qxg7+ Kxg7 51. Nd5 Kh6 52. Kg2 a5 53. Ne7 Kg5 54. Nf5 Kg4
55. Nh6+ Kf4 56. Nf5 h4 57. Nxh4 Ke3 58. Ng6 Bf6 59. Kxg3 Kxd3 60. e5 dxe5 61.
c5 e4 62. c6 Bd8 63. Nf4+ Kc2 64. Nd5 d3 65. Kf4 d2 66. Kxe4 d1=Q 67. Ne3+ Kc1
68. Nxd1 Kxd1 0-1

[Event "Xtracon Chess Open 2019"]
[Site "Helsingor DEN"]
[Date "2019.07.25"]
[Round "7.29"]
[White "Solberg, Joachim"]
[Black "Malmstig, Erik"]
[Result "0-1"]
[WhiteTitle "FM"]
[BlackTitle "FM"]
[WhiteElo "2181"]
[BlackElo "2357"]
[WhiteFideId "1502930"]
[BlackFideId "1702866"]
[EventDate "2019.07.20"]

1. e4 c5 2. Nf3 d6 3. d4 cxd4 4. Nxd4 Nf6 5. Nc3 Bd7 6. f3 a6 7. Be3 e6 8. Qd2
Nc6 9. O-O-O Rc8 10. Nxc6 Bxc6 11. Kb1 b5 12. g4 h6 13. Bd3 Qc7 14. Bd4 e5 15.
Be3 Be7 16. h4 b4 17. Ne2 d5 18. Ng3 d4 19. Bf2 h5 20. g5 Nd7 21. f4 g6 22. fxe5
Nxe5 23. Bxd4 Rd8 24. Qf2 Ng4 25. Qg1 O-O 26. Bb6 Qb7 27. Bxd8 Bxd8 28. Qd4 a5
29. Bc4 Bc7 30. Ne2 Be5 31. Qc5 Bxe4 32. Bd5 Bxd5 33. Qxd5 Qc7 34. Qf3 a4 35.
Rhe1 Rc8 36. Rd2 a3 37. b3 Bg7 38. Qe4 Qc5 39. Red1 Kh7 40. Rd5 Qf2 41. R5d3 Qc5
42. Rd5 Qc6 43. R1d2 Re8 44. Qc4 Qe6 45. Nf4 Qe1+ 46. Rd1 Nf2 47. Ng2 Nxd1 48.
Nxe1 Rxe1 49. Kc1 Bb2+ 50. Kd2 Bc3+ 51. Qxc3 Nxc3 0-1

[Event "Xtracon Chess Open 2019"]
[Site "Helsingor DEN"]
[Date "2019.07.25"]
[Round "7.38"]
[White "Jorgensen, Dennis"]
[Black "Buchenau, Frank"]
[Result "1/2-1/2"]
[BlackTitle "FM"]
[WhiteElo "2140"]
[BlackElo "2294"]
[WhiteFideId "1408380"]
[BlackFideId "4604350"]
[EventDate "2019.07.20"]

1. d4 e6 2. c4 Nf6 3. Nc3 Bb4 4. e3 O-O 5. Bd3 c5 6. Nf3 Bxc3+ 7. bxc3 d6 8. O-O
Nc6 9. e4 e5 10. d5 Ne7 11. Nh4 h6 12. h3 g5 13. Qf3 Kg7 14. Qe3 Bd7 15. g4 Rh8
16. Nf5+ Nxf5 17. exf5 Qa5 18. Bd2 b5 19. cxb5 c4 20. Be4 Bxb5 21. Rfb1 Ba6 22.
Rb2 Rac8 23. Rab1 Rc5 24. Qf3 Nxe4 25. Qxe4 Rxd5 26. f6+ Kxf6 27. Qf5+ Kg7 28.
Bxg5 hxg5 29. Qxg5+ Kh7 30. Qf5+ Kg7 31. Qg5+ Kh7 32. Qf5+ Kg7 33. Qg5+ Kh7 34.
Qf5+ Kg7 35. Qg5+ Kh7 1/2-1/2

[Event "Xtracon Chess Open 2019"]
[Site "Helsingor DEN"]
[Date "2019.07.25"]
[Round "7.40"]
[White "Jogstad, Martin"]
[Black "Holm, Ragnar"]
[Result "1-0"]
[WhiteTitle "FM"]
[WhiteElo "2259"]
[BlackElo "2142"]
[WhiteFideId "1715364"]
[BlackFideId "1505858"]
[EventDate "2019.07.20"]

1. d4 d5 2. c4 e6 3. Nf3 Nf6 4. g3 Be7 5. Bg2 O-O 6. O-O dxc4 7. Ne5 Nc6 8. Nxc6
bxc6 9. Na3 Bxa3 10. bxa3 Rb8 11. Qd2 Ba6 12. Qa5 Rb6 13. a4 Qd6 14. e4 Qb4 15.
Qxb4 Rxb4 16. Ba3 c5 17. Bxb4 cxb4 18. Rab1 Rb8 19. Rfc1 h5 20. f3 e5 21. Bf1
exd4 22. Bxc4 Bxc4 23. Rxc4 c5 24. Rxc5 Nd7 25. Rxh5 f6 26. Rb5 1-0

[Event "Xtracon Chess Open 2019"]
[Site "Helsingor DEN"]
[Date "2019.07.25"]
[Round "7.67"]
[White "Berg, Margar M."]
[Black "Tolhuizen, Ludo"]
[Result "0-1"]
[WhiteElo "1857"]
[BlackElo "2090"]
[WhiteFideId "7200021"]
[BlackFideId "1000802"]
[EventDate "2019.07.20"]

1. d4 e6 2. c4 f5 3. Nf3 Nf6 4. e3 c6 5. Bd3 d5 6. Nc3 Bd6 7. Bd2 O-O 8. Qc2 Ne4
9. h3 Nd7 10. a3 a5 11. Ra2 Qe7 12. c5 Bc7 13. b4 e5 14. dxe5 Nxe5 15. Nxe5 Bxe5
16. Nd1 Nxd2 17. Qxd2 axb4 18. axb4 Rxa2 19. Qxa2 b6 20. Qc2 bxc5 21. bxc5 g6
22. O-O Bd7 23. Nb2 f4 24. exf4 Rxf4 25. Re1 Qf6 26. Nd1 Bd4 27. Ba6 Qf8 28. Bb7
Qxc5 29. Qxc5 Bxc5 30. Re2 Rb4 31. Ba6 Rb1 32. Re1 Bf5 33. Rf1 Kf7 34. Ne3 Rxf1+
35. Kxf1 Bd7 36. Ke2 Ke6 37. Kd3 Kd6 38. g4 Ke5 39. Ke2 Kf4 40. Ng2+ Ke4 41.
Bd3+ Kd4 42. Nh4 Be7 43. Nf3+ Kc3 44. Ne5 Be8 45. f4 Bd6 46. h4 Bxe5 47. fxe5
Bd7 48. g5 Kd4 49. h5 Bg4+ 50. Kd2 Bxh5 51. e6 Bg4 52. e7 Bd7 53. Bf1 Ke5 54.
Ke3 Kd6 55. Kf4 c5 56. Bg2 Be8 57. Bf3 Bf7 58. Bg2 d4 59. Bb7 d3 60. Ba6 d2 61.
Be2 Kxe7 62. Ke3 Kd6 63. Kxd2 Ke5 0-1

[Event "Xtracon Chess Open 2019"]
[Site "Helsingor DEN"]
[Date "2019.07.25"]
[Round "7.80"]
[White "Grove, Peter"]
[Black "Ramkilde, Mikael"]
[Result "1-0"]
[WhiteElo "2239"]
[BlackElo "1957"]
[WhiteFideId "1411101"]
[BlackFideId "1439391"]
[EventDate "2019.07.20"]

1. e4 c5 2. Nf3 d6 3. d4 cxd4 4. Qxd4 Nc6 5. Bb5 Bd7 6. Bxc6 Bxc6 7. Nc3 Nf6 8.
Bg5 e5 9. Qd2 Be7 10. Bxf6 gxf6 11. Nh4 Qd7 12. f3 O-O-O 13. Nd5 Rhg8 14. g4 f5
15. Nxe7+ Qxe7 16. Nxf5 Qe6 17. c4 h5 18. g5 Rd7 19. b3 Rgd8 20. Ne3 h4 21.
O-O-O b5 22. cxb5 Bxb5 23. Nd5 Kb8 24. Kb2 Rb7 25. Rc1 Qh3 26. Rc3 Bf1 27. Qf2
Bb5 28. Rg1 Bd7 29. f4 Qe6 30. f5 1-0

[Event "Xtracon Chess Open 2019"]
[Site "Helsingor DEN"]
[Date "2019.07.25"]
[Round "7.81"]
[White "Skovgaard, Tom"]
[Black "Petersen, Peter Birk"]
[Result "1-0"]
[WhiteElo "1954"]
[BlackElo "2158"]
[WhiteFideId "1406337"]
[BlackFideId "1401696"]
[EventDate "2019.07.20"]

1. e4 c5 2. Nf3 e6 3. d4 cxd4 4. Nxd4 Nf6 5. Bd3 Nc6 6. Nb3 Be7 7. Nc3 d6 8. Be3
a6 9. f4 b5 10. a3 Bb7 11. Qf3 Qc7 12. O-O O-O 13. Qh3 Rfe8 14. g4 Nd7 15. g5
Bf8 16. Qh4 g6 17. Rf3 Nb6 18. Rh3 h5 19. gxh6 Kh7 20. Rf1 Nc4 21. Bxc4 bxc4 22.
Nd2 Ne7 23. Nf3 Ng8 24. Ng5+ Kh8 25. Bd4+ f6 26. h7 Bg7 27. hxg8=Q+ Kxg8 28.
Qh7+ Kf8 29. Bxf6 Re7 30. Bxg7+ 1-0

[Event "Xtracon Chess Open 2019"]
[Site "Helsingor DEN"]
[Date "2019.07.25"]
[Round "7.82"]
[White "Taksrud, Vidar"]
[Black "Madsen, Michael B."]
[Result "0-1"]
[WhiteElo "1942"]
[BlackElo "2133"]
[WhiteFideId "1502158"]
[BlackFideId "1413031"]
[EventDate "2019.07.20"]

1. d4 Nf6 2. g3 c5 3. d5 d6 4. Nc3 g6 5. Bg2 Bg7 6. Nf3 O-O 7. O-O Nbd7 8. a4
Rb8 9. Nd2 a6 10. a5 b5 11. axb6 Nxb6 12. Nb3 Ne8 13. Na5 Bd7 14. Qd3 Qc8 15.
Bg5 f6 16. Bd2 Nc7 17. Nc6 Bxc6 18. dxc6 c4 19. Qe3 e5 20. Ra5 f5 21. Rd1 e4 22.
Bc1 d5 23. Qc5 Ne6 24. Nxd5 Nxd5 25. Qxc4 Nb6 26. Qa2 Qxc6 27. Rxa6 Kh8 28. Be3
Nc7 29. Ra7 Nc8 30. Ra4 Rxb2 31. Rc4 Qb5 32. Qa3 Qxc4 33. Bd4 Qb4 34. Bxb2 Qxb2
35. Qa4 Qb5 36. Qa3 Qxe2 37. Rd7 Qxc2 38. Bf1 Qc6 39. Rd1 Ne6 40. Rc1 Qd6 41.
Qb3 Nd4 42. Qb7 Ne7 43. Rc7 Bf6 44. Bc4 Nf3+ 45. Kg2 Qd1 46. Bf1 Nd2 47. Ba6
Qf3+ 48. Kg1 Bd4 0-1

[Event "Xtracon Chess Open 2019"]
[Site "Helsingor DEN"]
[Date "2019.07.25"]
[Round "7.83"]
[White "Sigeman, Johan"]
[Black "Nielsen, Aage Sondergaard"]
[Result "1-0"]
[WhiteElo "2120"]
[BlackElo "1936"]
[WhiteFideId "1705601"]
[BlackFideId "1409859"]
[EventDate "2019.07.20"]

1. c4 e5 2. Nc3 Nc6 3. Nf3 b6 4. g3 Bb7 5. Bg2 d6 6. d4 Nge7 7. O-O Qd7 8. dxe5
Ng6 9. exd6 Bxd6 10. Ne4 Be7 11. Qxd7+ Kxd7 12. Rd1+ Ke8 13. Bd2 Nd8 14. Nd4 Ne5
15. b3 g6 16. Nb5 Ne6 17. Bc3 f6 18. Nxf6+ Bxf6 19. Bxb7 Rb8 20. Bd5 c6 21.
Bxc6+ Ke7 22. Bd5 a6 23. Nd4 Nxd4 24. Bxd4 Rhf8 25. Kg2 Ng4 26. Bxf6+ Rxf6 27.
Bf3 Ne5 28. Rd5 Re6 29. Rad1 Rf8 30. c5 bxc5 31. Rxc5 g5 32. Rc7+ Kf6 33. Rxh7
g4 34. Rh6+ Ng6 35. Bxg4 1-0

[Event "Xtracon Chess Open 2019"]
[Site "Helsingor DEN"]
[Date "2019.07.25"]
[Round "7.84"]
[White "Voll, Oddvar U"]
[Black "Ivarsson, Torbjorn"]
[Result "1-0"]
[WhiteElo "1927"]
[BlackElo "2119"]
[WhiteFideId "1533827"]
[BlackFideId "1705865"]
[EventDate "2019.07.20"]

1. e4 e6 2. Qe2 Be7 3. g3 d5 4. d3 dxe4 5. dxe4 b6 6. Bg2 Ba6 7. Qg4 h5 8. Qf3
Nd7 9. e5 Rb8 10. Qb3 Nh6 11. Bxh6 Rxh6 12. Qa4 Qc8 13. Nf3 Kf8 14. Nc3 Bb7 15.
Qf4 f6 16. O-O Bxf3 17. Bxf3 Nxe5 18. Be2 g5 19. Qa4 Kg7 20. Ne4 g4 21. f4 gxf3
22. Bxf3 Qd7 23. Qxa7 Qd4+ 24. Kg2 Nxf3 25. Rxf3 Rd8 26. Qxc7 Rd7 27. Qc6 f5 28.
Rd3 fxe4 29. Qxd7 Qc5 30. Qd4+ Rf6 31. Qxc5 Bxc5 32. Rd7+ Kg6 33. Rf1 Rf5 34.
Rxf5 exf5 35. c3 1-0

[Event "Xtracon Chess Open 2019"]
[Site "Helsingor DEN"]
[Date "2019.07.25"]
[Round "7.85"]
[White "Mehringer, Joerg"]
[Black "Karlsson, Jorgen"]
[Result "1/2-1/2"]
[WhiteElo "1923"]
[BlackElo "2114"]
[WhiteFideId "12915351"]
[BlackFideId "1711679"]
[EventDate "2019.07.20"]

1. e4 g6 2. g3 d6 3. Bg2 Nd7 4. Ne2 Bg7 5. O-O Rb8 6. d4 c5 7. c3 b6 8. f4 Bb7
9. Nd2 Qc7 10. b3 Ngf6 11. h3 b5 12. Bb2 e5 13. fxe5 dxe5 14. d5 O-O 15. c4 b4
16. Qc2 Ne8 17. g4 Nd6 18. Ng3 a5 19. a4 Bh6 20. Qd3 Qd8 21. Nf3 Bf4 22. Ne2 f6
23. Nxf4 exf4 24. e5 fxe5 25. Nxe5 g5 26. Rae1 Nf6 27. Nf3 Nfe8 28. Re5 Nf7 29.
Re2 Bc8 30. Rfe1 Rb6 31. Qe4 Ned6 32. Qe7 Nb7 33. Qxd8 Nbxd8 34. Ne5 h5 35. Bf3 1/2-1/2

[Event "Xtracon Chess Open 2019"]
[Site "Helsingor DEN"]
[Date "2019.07.25"]
[Round "7.86"]
[White "Thuesen, Mogens"]
[Black "Nord, Alexander"]
[Result "1/2-1/2"]
[WhiteElo "2111"]
[BlackElo "1893"]
[WhiteFideId "1400878"]
[BlackFideId "1738135"]
[EventDate "2019.07.20"]

1. d4 e6 2. g3 Nf6 3. Bg2 d5 4. Nf3 Be7 5. c4 O-O 6. O-O c6 7. Qc2 b6 8. Nc3 Bb7
9. b3 Nbd7 10. e4 dxe4 11. Nxe4 c5 12. Nxf6+ Nxf6 13. dxc5 Be4 14. Qc3 bxc5 15.
Bb2 Qc7 16. Rfe1 Bc6 17. Rad1 Rfd8 18. Ne5 Bxg2 19. Kxg2 Bf8 20. Qf3 Rxd1 21.
Rxd1 Rc8 22. g4 Bd6 23. Rxd6 Qxd6 24. g5 Qd2 25. gxf6 Qxb2 26. Qg3 g6 27. Qg5
Kf8 28. Nd7+ Ke8 29. Nxc5 Qd4 30. Na4 Qe4+ 31. Kg1 Rd8 32. Qb5+ Kf8 33. Qb4+ Kg8
34. Nc3 Qg4+ 35. Kf1 Qf4 36. Qe7 Rf8 37. Nb5 Qc1+ 38. Kg2 Qg5+ 39. Kf1 Qc1+ 40.
Kg2 Qg5+ 1/2-1/2

[Event "Xtracon Chess Open 2019"]
[Site "Helsingor DEN"]
[Date "2019.07.25"]
[Round "7.87"]
[White "Rygg, Andreas Gangstad"]
[Black "Molvig, Henrik"]
[Result "0-1"]
[BlackTitle "CM"]
[WhiteElo "1923"]
[BlackElo "2099"]
[WhiteFideId "1527754"]
[BlackFideId "1402625"]
[EventDate "2019.07.20"]

1. e4 c5 2. Be2 Nc6 3. f4 g6 4. Nf3 Bg7 5. O-O d6 6. c3 Bg4 7. d3 e6 8. Be3 Nge7
9. Na3 O-O 10. d4 cxd4 11. cxd4 d5 12. e5 a6 13. Qd2 Qa5 14. Qxa5 Nxa5 15. b4
Nac6 16. b5 axb5 17. Nxb5 Nb4 18. Rfc1 Rfc8 19. Bd2 Nc2 20. Rab1 Bxf3 21. Bxf3
Nf5 22. Bd1 Ncxd4 23. Rxc8+ Rxc8 24. Nxd4 Nxd4 25. Rxb7 Bf8 26. a4 Ra8 27. Kf1
Nc6 28. Ke2 Na5 29. Kd3 Nxb7 0-1

[Event "Xtracon Chess Open 2019"]
[Site "Helsingor DEN"]
[Date "2019.07.25"]
[Round "7.88"]
[White "Shehzad, Shazil"]
[Black "Undheim, Bjarne"]
[Result "1-0"]
[WhiteElo "2088"]
[BlackElo "1892"]
[WhiteFideId "1521942"]
[BlackFideId "1506862"]
[EventDate "2019.07.20"]

1. e4 d5 2. exd5 Qxd5 3. Nc3 Qa5 4. d4 e6 5. Nf3 Bd6 6. Bd2 c6 7. Nb5 Qd8 8.
Nxd6+ Qxd6 9. g3 Nf6 10. Bg2 O-O 11. O-O Na6 12. Bf4 Qd8 13. c4 Qb6 14. Qc2 c5
15. dxc5 Qxc5 16. Rfd1 Re8 17. Bd6 Qf5 18. Qb3 Nc5 19. Qa3 Nce4 20. Bf4 g5 21.
Nd4 Qg6 22. Be3 Bd7 23. f3 e5 24. Nb5 1-0

[Event "Xtracon Chess Open 2019"]
[Site "Helsingor DEN"]
[Date "2019.07.25"]
[Round "7.89"]
[White "Liabotro, Ola"]
[Black "Fjallheim, Leif Reinert"]
[Result "1-0"]
[WhiteElo "2081"]
[BlackElo "1883"]
[WhiteFideId "1512382"]
[BlackFideId "7201788"]
[EventDate "2019.07.20"]

1. e4 b6 2. d4 Bb7 3. Bd3 e6 4. Qe2 Be7 5. Nf3 c5 6. O-O cxd4 7. Nxd4 Nc6 8. Be3
Nb4 9. c4 Nxd3 10. Qxd3 Nf6 11. Nc3 Ng4 12. Bd2 Ne5 13. Qe2 Rc8 14. b3 Bc5 15.
Nc2 Nc6 16. Be3 Bxe3 17. Nxe3 a6 18. Rad1 Qc7 19. Ned5 Qd8 20. Qe3 O-O 21. Nxb6
Rc7 22. Qd2 Nb8 23. Nba4 f5 24. e5 f4 25. f3 Rf5 26. Qd6 Rc6 27. Qd4 Qh4 28. Nc5
Bc8 29. N5e4 a5 30. Nd6 Rh5 31. h3 Rg5 32. Nce4 Rg6 33. Kh2 Qd8 34. Qa7 Ba6 35.
Qd4 Qh4 36. Rfe1 Bc8 37. Qa7 Rxd6 38. exd6 Nc6 39. Qc7 Ne5 40. Qxc8+ Kf7 41. Rf1
h5 42. c5 Rg3 43. c6 g5 44. Qd8 Ng4+ 45. fxg4 hxg4 46. Qe7+ Kg6 47. Qf6+ Kh5 48.
Qh8+ Kg6 49. Qxh4 1-0

[Event "Xtracon Chess Open 2019"]
[Site "Helsingor DEN"]
[Date "2019.07.25"]
[Round "7.91"]
[White "Arndt, Uwe"]
[Black "Skjoldager, Per"]
[Result "1-0"]
[WhiteElo "1922"]
[BlackElo "2081"]
[WhiteFideId "24647713"]
[BlackFideId "1408828"]
[EventDate "2019.07.20"]

1. d4 Nf6 2. c4 e6 3. Nf3 b6 4. g3 Bb7 5. Bg2 Be7 6. Nc3 O-O 7. O-O d5 8. Ne5
Nbd7 9. cxd5 exd5 10. Qa4 Nb8 11. Rd1 Ne8 12. Qb3 c6 13. e4 Nc7 14. exd5 Nxd5
15. Nxc6 Nxc6 16. Qxd5 Qc8 17. Qc4 Qd7 18. d5 Ne5 19. Qb3 Qf5 20. Bf4 Bf6 21.
Ne4 Rad8 22. Nxf6+ Qxf6 23. Bxe5 Qxe5 24. Rd2 Rd6 25. Rad1 Re8 26. h4 Red8 27.
Qe3 Qf5 28. Be4 Qg4 29. Bf3 Qa4 30. b3 Qd7 31. Rd4 h6 32. Qd3 Qc8 33. Qc4 Ba6
34. Qxc8 Rxc8 35. R1d2 Bb7 36. Kg2 Rcd8 37. Be4 g6 38. g4 Bc8 39. g5 h5 40. Kg3
f5 41. Bg2 Kf7 42. Bf1 Re8 43. Re2 Rdd8 44. Kf4 Bd7 45. a4 Rxe2 46. Bxe2 Re8 47.
Bc4 Re1 48. d6+ Ke8 49. f3 Be6 50. d7+ Bxd7 51. Rd6 Rh1 52. Ke5 Rxh4 53. Kf6 Rf4
54. Bf7+ Kd8 55. Be6 h4 56. Rxd7+ Ke8 57. Rxa7 Kd8 58. Rd7+ Ke8 59. Rc7 1-0

[Event "Xtracon Chess Open 2019"]
[Site "Helsingor DEN"]
[Date "2019.07.25"]
[Round "7.92"]
[White "Knudsen, Jan"]
[Black "Overmark, Ole"]
[Result "1/2-1/2"]
[WhiteElo "1577"]
[BlackElo "1765"]
[WhiteFideId "1460803"]
[BlackFideId "1410776"]
[EventDate "2019.07.20"]

1. e4 e6 2. d3 d5 3. Nd2 c5 4. f4 Nc6 5. Ngf3 Qc7 6. e5 Be7 7. g3 f6 8. exf6
Nxf6 9. Bg2 O-O 10. O-O e5 11. fxe5 Nxe5 12. Nxe5 Qxe5 13. Nf3 Qc7 14. Bf4 Bd6
15. Bxd6 Qxd6 16. Qd2 Bg4 17. Rae1 Rae8 18. Rxe8 Rxe8 19. Re1 Rxe1+ 20. Qxe1 b6
21. Qe5 1/2-1/2

[Event "Xtracon Chess Open 2019"]
[Site "Helsingor DEN"]
[Date "2019.07.25"]
[Round "7.92"]
[White "Meyer, Juergen"]
[Black "Skjoldager, Mikael"]
[Result "1/2-1/2"]
[WhiteElo "1889"]
[BlackElo "2076"]
[WhiteFideId "24661759"]
[BlackFideId "1434314"]
[EventDate "2019.07.20"]

1. e4 e5 2. Nf3 Nc6 3. d4 exd4 4. Nxd4 Nf6 5. Nxc6 bxc6 6. e5 Qe7 7. Qe2 Nd5 8.
c4 Nb6 9. Nc3 Qe6 10. Qe4 g6 11. Bd2 Bg7 12. c5 Nd5 13. Bc4 Qxe5 14. Qxe5+ Bxe5
15. Bxd5 cxd5 16. O-O-O O-O 17. Nxd5 Bb7 18. Ba5 Rab8 19. b3 Kg7 20. Rhe1 Rbe8
21. g3 Ba1 22. Ne3 d6 23. Kd2 Bf6 24. cxd6 cxd6 25. Bc3 Bf3 26. Rc1 Re6 27.
Bxf6+ Kxf6 28. Nc2 Re5 29. Rxe5 dxe5 30. Ke3 Bg4 31. Nb4 Rd8 32. Rc6+ Be6 33.
Rc7 a5 34. Nc6 Rd5 35. Ra7 Rc5 36. Nxa5 Rc2 37. Nc4 Bxc4 38. bxc4 Rxc4 39. Kd3
Rc1 40. h4 h6 41. Rb7 g5 42. hxg5+ hxg5 43. Rb2 g4 44. Rc2 Ra1 45. Kc4 Ke6 46.
Kb3 f5 47. a4 f4 48. gxf4 exf4 49. Kb4 Kd5 50. Kb5 Rb1+ 51. Ka6 Kd4 52. a5 Kd3
53. Ra2 f3 54. Ka7 Re1 55. a6 Re2 56. Ra4 Rxf2 57. Rxg4 Rb2 58. Ka8 f2 59. Rf4
Ke2 60. a7 1/2-1/2

[Event "Xtracon Chess Open 2019"]
[Site "Helsingor DEN"]
[Date "2019.07.25"]
[Round "7.93"]
[White "Pekin, Tolgay"]
[Black "Ben Porat, Zeev"]
[Result "1-0"]
[WhiteElo "2070"]
[BlackElo "1888"]
[WhiteFideId "6305440"]
[BlackFideId "2801051"]
[EventDate "2019.07.20"]

1. e4 e6 2. d4 d5 3. Nd2 c5 4. exd5 Qxd5 5. Ngf3 cxd4 6. Bc4 Qd7 7. O-O Nf6 8.
Nb3 Nc6 9. Nfxd4 Nxd4 10. Nxd4 a6 11. c3 Be7 12. Qe2 O-O 13. a4 Re8 14. Bg5 Nd5
15. Bxe7 Nxe7 16. Rfd1 Qc7 17. Bb3 Bd7 18. Qh5 g6 19. Qg5 Kg7 20. Rd3 e5 21. Rf3
f5 22. Rh3 exd4 23. Qh6+ Kf6 24. Qh4+ g5 25. Qxh7 Ng8 26. Qf7+ Ke5 27. Re1+ Kf4
28. Rf3+ 1-0

[Event "Xtracon Chess Open 2019"]
[Site "Helsingor DEN"]
[Date "2019.07.25"]
[Round "7.94"]
[White "Nilsson, Eskil"]
[Black "Koch-Muller, Oscar"]
[Result "1-0"]
[WhiteElo "2053"]
[BlackElo "1866"]
[WhiteFideId "1716220"]
[BlackFideId "1447955"]
[EventDate "2019.07.20"]

1. e4 e6 2. d4 d5 3. exd5 exd5 4. Nf3 Nf6 5. Bd3 Bd6 6. Qe2+ Be6 7. c4 c5 8.
cxd5 Nxd5 9. O-O Nc6 10. dxc5 Bxc5 11. Nc3 Nxc3 12. bxc3 h6 13. Bf4 Bd6 14. Bxd6
Qxd6 15. Rfd1 Qe7 16. Nd4 Nxd4 17. cxd4 O-O 18. d5 Rfe8 19. dxe6 Qxe6 20. Qxe6
Rxe6 21. Bc4 Rc6 22. Bd5 Rc7 23. Rd2 Rac8 24. Rad1 b5 25. Kf1 a5 26. Be4 g5 27.
Rd8+ Kg7 28. Rxc8 Rxc8 29. Rd5 Rc1+ 30. Ke2 Ra1 31. Rd2 Kf6 32. Rb2 Rh1 33. Rxb5
a4 34. Ra5 Rxh2 35. Rxa4 Ke5 36. Bf3 f5 37. Ra5+ Kf6 38. g3 h5 39. Ra6+ Ke5 40.
Rh6 h4 41. Kf1 f4 42. gxh4 1-0

[Event "Xtracon Chess Open 2019"]
[Site "Helsingor DEN"]
[Date "2019.07.25"]
[Round "7.96"]
[White "Jacobsen, Heidrikur T."]
[Black "Pallesen, Jacob"]
[Result "0-1"]
[WhiteElo "1885"]
[BlackElo "2041"]
[WhiteFideId "7200340"]
[BlackFideId "1404881"]
[EventDate "2019.07.20"]

1. Nc3 c5 2. e4 e6 3. Nf3 Nc6 4. g3 Nf6 5. Bg2 d6 6. O-O Be7 7. d3 O-O 8. h3 Rb8
9. Be3 b5 10. Ne1 Nd4 11. f4 Nd7 12. Nf3 Bf6 13. Rb1 Qa5 14. Bxd4 cxd4 15. Ne2
e5 16. a3 b4 17. Qd2 Qc5 18. axb4 Rxb4 19. Kh2 Ba6 20. c3 dxc3 21. bxc3 Rxb1 22.
Rxb1 Rc8 23. c4 Qa3 24. f5 Nc5 25. Nc1 Bd8 26. Bf1 Bxc4 27. dxc4 Qxf3 28. Bg2
Nxe4 29. Qe1 Ng5 30. h4 Qxf5 31. Rb3 Ne6 32. Bh3 Qc2+ 0-1

[Event "Xtracon Chess Open 2019"]
[Site "Helsingor DEN"]
[Date "2019.07.25"]
[Round "7.97"]
[White "Andersen, Daniel"]
[Black "Stovring, Claus"]
[Result "1/2-1/2"]
[WhiteTitle "FM"]
[WhiteElo "1864"]
[BlackElo "2036"]
[WhiteFideId "1402714"]
[BlackFideId "1406914"]
[EventDate "2019.07.20"]

1. c4 Nf6 2. Nc3 g6 3. e4 d6 4. d4 Bg7 5. f3 O-O 6. Be3 Nc6 7. Nge2 a6 8. Qd2
Rb8 9. Rc1 Bd7 10. Nd1 b5 11. c5 Ne8 12. g3 f5 13. exf5 Rxf5 14. Bg2 e5 15. cxd6
cxd6 16. f4 exd4 17. Nxd4 Nxd4 18. Bxd4 Nf6 19. Ne3 Rh5 20. O-O Bh3 21. Bxh3
Rxh3 22. Qg2 Rh5 23. Rfd1 Qe7 24. Re1 Qd7 25. Bxf6 Bxf6 26. Nd5 Bd8 27. Qe4 Kg7
28. Qd4+ Kh6 29. Nf6 Bxf6 30. Qxf6 Qa7+ 31. Kg2 Qb7+ 32. Kg1 Qa7+ 33. Kg2 Qb7+
34. Kg1 Qa7+ 1/2-1/2

[Event "Xtracon Chess Open 2019"]
[Site "Helsingor DEN"]
[Date "2019.07.25"]
[Round "7.98"]
[White "Cramling Bellon, Anna"]
[Black "Jorgensen, Alexander Torp"]
[Result "0-1"]
[WhiteTitle "WFM"]
[WhiteElo "2030"]
[BlackElo "1863"]
[WhiteFideId "32009232"]
[BlackFideId "1434187"]
[EventDate "2019.07.20"]

1. d4 Nf6 2. c4 g6 3. Nc3 d5 4. cxd5 Nxd5 5. e4 Nxc3 6. bxc3 Bg7 7. Qa4+ Qd7 8.
Qb3 O-O 9. Be3 b6 10. Nf3 Bb7 11. Bd3 Qg4 12. h3 Qd7 13. Rd1 e6 14. O-O Nc6 15.
Qc2 Rac8 16. Qc1 Na5 17. Bh6 c5 18. d5 c4 19. Bb1 Rfd8 20. Bxg7 Kxg7 21. Ne5 Qc7
22. Ng4 f5 23. exf5 exf5 24. Qh6+ Kh8 25. Ne3 Qe5 26. Rfe1 Qg7 27. Qxg7+ Kxg7
28. f4 Rc5 29. d6 Rc6 30. d7 Rc7 31. Rd4 b5 32. Red1 Bc6 33. g4 fxg4 34. hxg4
Rcxd7 35. Rxd7+ Rxd7 36. Rxd7+ Bxd7 37. Be4 h5 38. gxh5 gxh5 39. Kh2 Bc6 40. Bc2
Nb7 41. a4 a6 42. axb5 axb5 43. Kg3 Nc5 44. Kh4 Nd3 45. Kg5 h4 46. Nf5+ Kf7 47.
Nxh4 Nc1 48. Nf5 Ne2 49. Be4 Bd7 50. Bd5+ Kf8 51. Nd6 Nxc3 52. Bxc4 Ne4+ 53.
Nxe4 bxc4 54. Kf6 Bc6 55. Nc3 Bf3 56. Ke5 Bg2 57. f5 Kf7 58. f6 Bf1 59. Nb5 Be2
60. Nd6+ Kf8 61. Kd4 Bd3 62. Ke5 c3 63. Nb7 c2 64. Nc5 Bc4 65. Nd7+ Ke8 66. f7+
Kxf7 67. Kd4 c1=Q 68. Ne5+ Ke6 69. Nxc4 Qd1+ 70. Kc3 Qc1+ 71. Kd4 Qf4+ 72. Kd3
Kd5 73. Ne3+ Kc5 74. Nc2 Qf5+ 75. Kd2 Qh3 76. Ne3 Kd4 77. Nc2+ Ke4 78. Ne1 Qe3+
79. Kd1 Qf2 80. Nc2 Kd3 81. Nb4+ Kc4 82. Nc2 Kc3 83. Ne3 Qd2# 0-1

[Event "Xtracon Chess Open 2019"]
[Site "Helsingor DEN"]
[Date "2019.07.25"]
[Round "7.99"]
[White "Buttkus, Andre"]
[Black "Haraldsson, Leif"]
[Result "1-0"]
[WhiteElo "2024"]
[BlackElo "1857"]
[WhiteFideId "24695882"]
[BlackFideId "1710648"]
[EventDate "2019.07.20"]

1. d4 d6 2. c4 c6 3. Nc3 Nd7 4. e4 e5 5. Nf3 Qc7 6. Be2 Ne7 7. Be3 g6 8. Nh4 Bg7
9. Qd2 O-O 10. g4 Rd8 11. O-O-O d5 12. Bh6 Bf6 13. Bg5 exd4 14. Bxf6 Nxf6 15.
Qxd4 Qf4+ 16. Kb1 Bxg4 17. Ng2 c5 18. Qxc5 Qe5 19. f4 Qh5 20. Bxg4 Nxg4 21. Qxe7
Nf2 22. Nxd5 Kg7 23. Qf6+ Kh6 24. Qh4 1-0